000
00325nam a2200109Ia 4500
008
171211s9999 xx 000 0 und d
245
_a
LogoLounge 8: 2,000 International Identities by Leading Designers
245
_c
Bill Gardner
260
_c
2014
650
_x
Design
856
_u
http://down.ebook777.com/061/1547048409.pdf
999
_c
347938
_d
347938